LEADER 00849nam0-22002891i-450- 001 990002542490403321 010 $a0070693056 035 $a000254249 035 $aFED01000254249 035 $a(Aleph)000254249FED01 035 $a000254249 100 $a20000920d1981----km-y0itay50------ba 101 0 $aENG 200 1 $a<>Course in the Theory of Stochastic Processes$fA.D. Wentzell. - Translated by S. Chomet. 210 $aNew York$cMcGraw-Hill$d1981. 215 $aix, 304 p.$d25 cm 610 0 $aProbabilità, Processi stocastici 676 $a519 700 1$aWentzell,$bAlexander D.$046977 801 0$aIT$bUNINA$gRICA$2UNIMARC 901 $aBK 912 $a990002542490403321 952 $aMIII-A-129$b129$fMAS 959 $aMAS 996 $aCourse in the Theory of Stochastic Processes$9437871 997 $aUNINA DB $aING01